Geography Quiz

Random Geography or State Quiz

US States ending in 2+ consonants Quiz Stats

 Plays Quiz not verified by Sporcle

Support Sporcle.
Go Orange.
Score 0/6 Timer 01:00
0 Plays Today
State % Correct
New York
85.6%
Wyoming
79.4%
Rhode Island
78.4%
Vermont
78.4%
Maryland
74.2%
Massachusetts
72.2%

You're not logged in!

Compare scores with friends on all Sporcle quizzes.
OR
Log In

From the Vault

Subcategory Multiple Choice: Language II

by metakoopa99

Only a true polyglot will get 100% on this.
Remove Ads.
Support Sporcle.
Get the best of Sporcle when you Go Orange. This ad-free experience offers more features, more stats, and more fun while also helping to support Sporcle. Thank you for becoming a member.

Show Comments

Extras

Top Quizzes Today


Score Distribution

Your Account Isn't Verified!

In order to create a playlist on Sporcle, you need to verify the email address you used during registration. Go to your Sporcle Settings to finish the process.

Report this User

Report this user for behavior that violates our Community Guidelines.

Details: